000 01911nam0a2200349 4500
001 RU\NLR\bibl\945389
005 20241119110853.0
020 _aRU
_b05-25078
_9Летопись авторефератов диссертаций
021 _aRU
_b2005-19855а
_9795а
035 _a(NLR Aleph) 000933531
090 _a174955
_c174955
100 _a20060413d2005 u u0rusy50 ca
101 0 _arus
102 _aRU
105 _aa dm |||||
200 1 _aПовышение экономической эффективности производства зерна и его использования на фуражные цели
_e(На материалах Курской области)
_eавтореф. дис. на соиск. учен. степ. канд. экон. наук
_eспециальность 08.00.05 <Экономика и упр. нар. хоз-вом>
_fМамонова Людмила Геннадьевна
_g[Курс. гос. с.-х. акад.]
210 _aКурск
_d2005
215 _a19 с.
_cил.
_d21
320 _aБиблиогр.: с. 18-19 (6 назв.)
610 0 _aКурская обл., экон. науки
675 _a633.21:631.15(470.323)
_v3
_zrus
686 _a68.35
_2rugasnti
686 _a42.2
_2rubbk
686 _a08.00.05
_2oksvnk
700 1 _aМамонова
_bЛ. Г.
_gЛюдмила Геннадьевна
_4070
801 0 _aRU
_bRKP
_c20060413
_gPSBO
801 1 _aRU
_bRKP
_c20060413
801 2 _aRU
_bNLR
_c20060506
_grcr
901 _eАвторефераты
942 _cBOOK
981 1 0 _a(10) Авторефераты
_b(10) 08.00.00 Экономические науки
_b08.00.05 Экономика и управление народным хозяйством (по отраслям и сферам деятельности)